Online
Catalog

Dos estudios sobre empresas transnacionales en Brasil. (Record no. 870)

MARC details
000 -CABECERA
campo de control de longitud fija 01254nam a2200277 a 4500
001 - NÚMERO DE CONTROL
campo de control 000000875
003 - IDENTIFICADOR DEL NÚMERO DE CONTROL
campo de control DO-SdBNP
005 - FECHA Y HORA DE LA ÚLTIMA TRANSACCIÓN
campo de control 20260326130355.0
008 - DATOS DE LONGITUD FIJA--INFORMACIÓN GENERAL
campo de control de longitud fija 850228s1983 cl bs i000 0 spa
040 ## - FUENTE DE LA CATALOGACIÓN
Centro catalogador/agencia de origen DO-SdBNP
Lengua de catalogación spa
Centro/agencia transcriptor BNPHU
245 00 - MENCIÓN DE TÍTULO
Título Dos estudios sobre empresas transnacionales en Brasil.
260 ## - PUBLICACIÓN, DISTRIBUCIÓN, ETC.
Lugar de publicación, distribución, etc. Santiafo de Chile :
Nombre del editor, distribuidor, etc. CEPAL,
Fecha de publicación, distribución, etc. 1985
300 ## - DESCRIPCIÓN FÍSICA
Extensión 141 p. :
Otras características físicas il., tabls. ;
Dimensiones 23 cm.
490 0# - MENCIÓN DE SERIE
Mención de serie Estudios e informes de la CEPAL ;
Designación de volumen o secuencia 31
500 ## - NOTA GENERAL
Nota general "Publicación de las Naciones Unidas, número de venta S.83.II.G.28"
500 ## - NOTA GENERAL
Nota general "E/CEPAL/G.1259, septiembre de 1983"- Contracubierta
504 ## - NOTA DE BIBLIOGRAFÍA, ETC.
Nota de bibliografía, etc. Incluye bibliografía.
505 1# - NOTA DE CONTENIDO CON FORMATO
Nota de contenido con formato Empresas transnacionales y el comercio exterior de Brasil -- La presencia de las empresas transnacionales en Brasil.
650 #7 - PUNTO DE ACCESO ADICIONAL DE MATERIA--TÉRMINO DE MATERIA
Término de materia o nombre geográfico como elemento de entrada Empresas internacionales
Subdivisión geográfica Brasil
9 (RLIN) 47948
Fuente del encabezamiento o término LIBRUNAM
650 #7 - PUNTO DE ACCESO ADICIONAL DE MATERIA--TÉRMINO DE MATERIA
Término de materia o nombre geográfico como elemento de entrada Empresas internacionales
Subdivisión geográfica Brasil
Subdivisión de forma Estadisticas
9 (RLIN) 89045
650 #7 - PUNTO DE ACCESO ADICIONAL DE MATERIA--TÉRMINO DE MATERIA
Término de materia o nombre geográfico como elemento de entrada Inversiones extranjeras
Subdivisión geográfica Brasil
Subdivisión de forma Estadísticas
9 (RLIN) 48296
Fuente del encabezamiento o término LIBRUNAM
710 2# - PUNTO DE ACCESO ADICIONAL--NOMBRE DE ENTIDAD CORPORATIVA
Nombre de entidad corporativa o nombre de jurisdicción como elemento de entrada Naciones Unidas.
Unidad subordinada Comisión Económica para América Latina.
9 (RLIN) 3104
710 2# - PUNTO DE ACCESO ADICIONAL--NOMBRE DE ENTIDAD CORPORATIVA
Nombre de entidad corporativa o nombre de jurisdicción como elemento de entrada Centro de las Transnacionales de las Naciones Unidas.
9 (RLIN) 3105
710 2# - PUNTO DE ACCESO ADICIONAL--NOMBRE DE ENTIDAD CORPORATIVA
Nombre de entidad corporativa o nombre de jurisdicción como elemento de entrada Unidad Conjunta CEPAL / CET sobre Empresas Transnacionales.
9 (RLIN) 3106
942 ## - ELEMENTOS DE PUNTO DE ACCESO ADICIONAL (KOHA)
Fuente del sistema de clasificación o colocación Dewey Decimal Classification
Tipo de ítem Koha Libro
Holdings
Estado de retiro Estado de pérdida No para préstamo Código de colección Localización permanente Ubicación/localización actual Ubicación en estantería Fecha de adquisición Número de inventario Total de préstamos Signatura topográfica completa Código de barras Fecha visto por última vez Precio válido a partir de Tipo de ítem Koha
    Préstamo en sala Dominicana de Servicio Biblioteca Nacional Pedro Henríquez Ureña Biblioteca Nacional Pedro Henríquez Ureña En catalogación 10.06.2009 LF1   338.88 D74 875-10 25.06.2020 25.06.2020 Libros y folletos

Powered by Koha